Państwa Ligi Konferencji 25/26 - nagła śmierć - Statystyki

Ogólne statystyki
  • Ten quiz został rozwiązany 511 razy
  • Średni wynik to 15 z 29
Answers on the Grid
Answers color-coded by a green-red scale on the quiz's grid according to % correct below.
Albania
Anglia
Armenia
Austria
Bośnia i Hercegowina
Chorwacja
Cypr
Czechy
Dania
Estonia
Finlandia
Francja
Gibraltar
Grecja
Hiszpania
Holandia
Irlandia
Irlandia Północna
Islandia
Kosowo
Litwa
Luksemburg
Macedonia Północna
Malta
Mołdawia
Niemcy
Norwegia
Polska
Portugalia
Rumunia
Serbia
Słowacja
Słowenia
Szkocja
Szwajcaria
Szwecja
Turcja
Ukraina
Węgry
Włochy
 
Statystyki odpowiedzi
Odpowiedź % Poprawnych
Legia Warszawa, Lech Poznań, Jagiellonia Białystok, Raków Częstochowa Polska
90%
Rayo Vallecano Hiszpania
73%
Mainz Niemcy
72%
Fiorentina Włochy
72%
Sparta Praga, Sigma Ołomuniec Czechy
71%
Strasbourg Francja
71%
Crystal Palace Anglia
69%
Szachtar Donieck, Dynamo Kijów Ukraina
67%
Rapid Wiedeń Austria
65%
Lincoln Red Imps Gibraltar
61%
AZ Alkmaar Holandia
61%
Samsunspor Turcja
55%
AEK Ateny Grecja
53%
Lausanne-Sport Szwajcaria
51%
AEK Larnaka, Omonia Nikozja Cypr
48%
Rijeka Chorwacja
46%
Hacken Szwecja
43%
KuPS Finlandia
42%
Celje Słowenia
41%
Hamrun Spartans Malta
39%
Slovan Bratysława Słowacja
38%
Aberdeen Szkocja
38%
Noah Erywań Armenia
37%
Universitatea Krajowa Rumunia
37%
Shkendija Macedonia Północna
32%
Zrinjski Mostar Bośnia i Hercegowina
31%
Shamrock Rovers, Shelbourne Irlandia
30%
Breidablik Islandia
30%
Drita Kosowo
26%
Nie znaleziono quizów pasujących do podanych kryteriów
Rozkład punktacji
Procent ludzi z każdym wynikiem
Percentyl według liczby udzielonych odpowiedzi
Twoja historia wyników
Nie rozwiązałeś tego quizu